Responses for show #7901 - Monday, January 7, 2019

Contestants

Zorn Pink, a policy analyst from Ottawa, Ontario, Canada

Meredith MacVittie, a marketing strategist from Ambler, Pennsylvania

Jonathan Dinerstein, a composer from Los Angeles, California (whose 4-day cash winnings total $93,301)

Jeopardy! Round responses

MUSICAL COLLABORATIONS
PROMOTION
NURSERY RHYMES
PAGAN LORE
2 CAN PLAY THAT GAME
REJECTED SUPERHEROES
(Alex: And to help you out just a little bit, each correct response will end in "I-Z-E-R".)
    $200 1
Rihanna

Zorn
    $200 16
a monger

Jonathan
    $200 12
Simple Simon

Zorn
    $200 5
a wedding

Meredith
    $200 10
(Meredith: What is Apologize Man?)
...
(Alex: It has to end in "I-Z-E-R".)

the Apologizer

JonathanMeredith
    $400 2
"Walk This Way"

Zorn
    $400 20
bodybuilding

Zorn
    $400 13
(Jonathan: Who are the three little pigs?)

the three blind mice

JonathanMeredith
    $400 6
(Zorn: Who is St. Patrick?)

St. Bridget

MeredithZorn
    $400 29
[The end-of-round signal sounds.]

Battleship

Zorn
    $400 11
the Alphabetizer

Meredith
    $600 3
Taylor Swift

Zorn
    $600 21
your birthday

Jonathan
    $600 14
(Alex: It's raining; [*].)

it's pouring

Meredith
    $600 7
the Volga

Zorn
    $600 28
checkers

Zorn
    $600 22
the Super-sizer

Jonathan
    $800 4
(Zorn: Who is Natalie King Cole?)

Natalie Cole

MeredithZorn
    $800 17
(Vince) McMahon

Meredith
    $800 15
St. Ives

Triple Stumper
    $800 25
(Alex: Less than a minute now.)

the afterlife

Meredith
    $2,000 26
(Meredith: What is mandala?)

go

Meredith
    $800 23
the Notarizer

Zorn
    $1000 8
"Islands In The Stream"

Meredith
    $1000 18
swag

Meredith
    $1000 19
the boy that lives down the lane (or the little boy who lives down the lane)

Zorn
    $1000 9
Wicca

Jonathan
    $1000 27
dominoes

Jonathan
    $1000 24
the Atomizer

Jonathan

Scores at the first commercial break (after clue 15):

Jonathan Meredith Zorn
$800 $3,600 $800

Scores at the end of the Jeopardy! Round:

Jonathan Meredith Zorn
$4,200 $4,200 $4,000

Double Jeopardy! Round responses

MOVING THE CAPITAL
ACTORS & THEIR TV ROLES
WORDS FROM THE MALAY
EUROPEAN HISTORY
A BIRD
IN THE HAND
    $400 4
Tel Aviv

Jonathan
    $400 1
James Spader

Jonathan
    $400 13
bamboo

Jonathan
    $400 27
Gutenberg

Zorn
    $400 28
[The end-of-round signal sounds.]

the cuckoo clock

Zorn
    $400 24
(Alex: Less than a minute now.)

opposable

Meredith
    $800 14
(Meredith: What is...)

Tanzania

Meredith
Triple Stumper
    $800 2
(Henry) Winkler

Zorn
    $800 23
(Alex: And notice, ladies and gentlemen, we gave two pronunciations for Malay. Both are correct.)
[While reading clues in the category, Alex has been alternating saying "MAY-lay" with saying "ma-LAY".]

a tea caddy

Triple Stumper
    $800 18
a famine

Jonathan
    $3,000 22
(Alex: His real last name was Dodgson.)

a dodo

Zorn
    $1200 6
Colombo

Jonathan
    $1200 3
Calista Flockhart

Meredith
    $1200 17
a sarong

Jonathan
    $1200 11
Vienna

Jonathan
    $1200 19
swans (a-swimming)

Zorn
    $1600 5
Pakistan

Zorn
    $1600 8
(Zorn: Who is Glick?)

Johnny Galecki

MeredithZorn
    $3,000 15
amok

Jonathan
    $1600 9
the Spanish Civil War

Meredith
    $1600 20
Big Bird

Zorn
    $1600 26
tendons

Jonathan
    $2000 7
Belmopan

Jonathan
    $2000 12
Jared Padalecki

Triple Stumper
    $2000 16
(Jonathan: What is an emu?)
(Meredith: What is an ostrich?)

a cassowary

JonathanMeredithZorn
    $2000 10
Windsor

Meredith
    $2000 21
Aristophanes

Triple Stumper
    $2000 25
phalanges

Jonathan

Scores at the end of the Double Jeopardy! Round:

Jonathan Meredith Zorn
$16,400 $8,200 $13,400

[wagering suggestions for these scores]

Final Jeopardy! Round responses

19th CENTURY NOTABLES
MeredithWho is Gaugin?
$2,198
ZornWho Gaugain
$6,000
JonathanWho is Cook?
$10,401
Robert Louis Stevenson

Final scores:

Jonathan Meredith Zorn
$5,999 $6,002 $7,400
3rd place: $1,000 2nd place: $2,000 New champion: $7,400

Game dynamics:

Coryat scores:

Jonathan Meredith Zorn
$15,000 $10,200 $11,200
18 R
(including 1 DD),
2 W
15 R,
4 W
(including 1 DD)
18 R
(including 1 DD),
3 W

Combined Coryat: $36,400

The J! Archive is created by fans, for fans. The Jeopardy! game show and all elements thereof, including but not limited to copyright and trademark thereto, are the property of Jeopardy Productions, Inc. and are protected under law. This website is not affiliated with, sponsored by, or operated by Jeopardy Productions, Inc. Join the discussion at JBoard.tv.